Cybernetyka ekonomiczna i informatyka
Saved in:
| Other Authors: | , |
|---|---|
| Format: | Book |
| Language: | Polish English |
| Published: |
Poznan
Wydawnictwo Akademii Ekonomicznej w Poznaniu
1994
|
| Edition: | 1. wyd. |
| Series: | Zeszyty naukowe
Zeszyt 217 |
| Subjects: | |
| Tags: |
No Tags, Be the first to tag this record!
|
MARC
| LEADER | 00000nam a2200000 4500 | ||
|---|---|---|---|
| 001 | c014131 | ||
| 005 | 20250509101958.9 | ||
| 041 | 0 | |a pol | |
| 041 | 0 | |a eng | |
| 044 | |a PL | ||
| 245 | 1 | 0 | |a Cybernetyka ekonomiczna i informatyka |c Ved. red. Boguslaw Guzik, Witold Abramowicz |
| 250 | |a 1. wyd. | ||
| 264 | 1 | |a Poznan |b Wydawnictwo Akademii Ekonomicznej w Poznaniu |c 1994 | |
| 300 | |a 124 s. | ||
| 490 | 1 | |a Zeszyty naukowe |v Zeszyt 217 | |
| 830 | 0 | |a Zeszyty naukowe |v Zeszyt 217 | |
| 610 | 2 | 0 | |a kybernetika ekonomická |
| 610 | 2 | 0 | |a informatika ekonomická |
| 610 | 2 | 0 | |a modely ekonometrické |
| 610 | 2 | 0 | |a hospodárstvo domáce |
| 610 | 2 | 0 | |a prognózovanie |
| 610 | 2 | 0 | |a systémy počítačové |
| 610 | 2 | 0 | |a systémy informačné |
| 610 | 2 | 0 | |a Európa |
| 700 | 1 | |a Guzik, Boguslaw | |
| 700 | 1 | |a Abramowicz, Witold | |